[Event "35 Andorra Open"]
[Site "Escaldes"]
[Date "2017.07.25"]
[Round "4.5"]
[White "Pena Gomez, Manuel"]
[Black "Zoler, Dan"]
[Result "1-0"]
[WhiteElo "2468"]
[BlackElo "2499"]
[PlyCount "100"]
[EventDate "2017.07.22"]
[EventType "swiss"]
[EventRounds "9"]
[EventCountry "AND"]
[WhiteClock "0:19:13"]
[BlackClock "0:23:10"]

1. c4 e6 2. Nf3 Nf6 3. g3 b6 4. Bg2 Bb7 5. O-O Be7 6. b3 O-O 7. e3 c5 8. Qe2 d5
9. Rd1 Nbd7 10. Bb2 Qc7 11. Nc3 Rac8 12. Rac1 Rfe8 13. cxd5 Nxd5 14. d4 Qb8 15.
Nxd5 Bxd5 16. Ne1 Bxg2 17. Kxg2 Bf6 18. Nf3 Qb7 19. Kg1 h6 20. dxc5 Bxb2 21. c6
Rxc6 22. Rxc6 Qxc6 23. Qxb2 Rc8 24. Nd4 Qe4 25. Rc1 Rc5 26. b4 Rxc1+ 27. Qxc1
Ne5 28. b5 g5 29. h3 Qd5 30. Qc7 Nc4 31. Qc6 Na3 32. Qc8+ Kg7 33. Qc3 e5 34.
Qxa3 exd4 35. Qb2 f6 36. exd4 h5 37. Qa3 Qd7 38. d5 Kf7 39. Qd3 Ke7 40. Kg2 Kd6
41. Qc4 Ke7 42. Qc6 f5 43. Qxd7+ Kxd7 44. Kf3 Kd6 45. h4 gxh4 46. gxh4 Kxd5 47.
Kf4 Ke6 48. Kg5 Ke5 49. f4+ Ke4 50. a3 Kd5 1-0

[Event "35 Andorra Open"]
[Site "Escaldes"]
[Date "2017.07.25"]
[Round "4.6"]
[White "Landa, Konstantin"]
[Black "Barbot, Pierre"]
[Result "1-0"]
[WhiteElo "2617"]
[BlackElo "2453"]
[PlyCount "79"]
[EventDate "2017.07.22"]
[EventType "swiss"]
[EventRounds "9"]
[EventCountry "AND"]
[WhiteClock "0:40:45"]
[BlackClock "0:15:08"]

1. Nf3 Nf6 2. g3 d5 3. Bg2 e6 4. O-O Be7 5. d4 b5 6. Qd3 O-O 7. Qxb5 Ba6 8. Qa5
Bxe2 9. Re1 Nc6 10. Qa4 Bxf3 11. Bxf3 Qd7 12. b3 Nb4 13. Qxd7 Nxd7 14. Re2 c5
15. c3 Nc6 16. dxc5 Nxc5 17. Ba3 Rac8 18. Nd2 Rfd8 19. Rd1 d4 20. c4 a5 21.
Bxc6 Rxc6 22. Nf3 Bf6 23. Ne5 Rcc8 24. f4 g6 25. Kg2 Bg7 26. Nf3 Rd7 27. Bxc5
Rxc5 28. Red2 g5 29. Nxg5 e5 30. Ne4 Rc6 31. fxe5 Bxe5 32. Nf2 Bg7 33. Nd3 Rb7
34. Rc2 Re7 35. Nf4 Kf8 36. Nd5 Rd7 37. Re2 Rb7 38. Kf3 a4 39. Rd3 axb3 40.
Rxb3 1-0

[Event "35 Andorra Open"]
[Site "Escaldes"]
[Date "2017.07.25"]
[Round "4.7"]
[White "Zanan, Evgeny"]
[Black "Gozzoli, Yannick"]
[Result "1-0"]
[WhiteElo "2428"]
[BlackElo "2594"]
[PlyCount "113"]
[EventDate "2017.07.22"]
[EventType "swiss"]
[EventRounds "9"]
[EventCountry "AND"]
[WhiteClock "0:01:08"]
[BlackClock "0:26:30"]

1. e4 e5 2. Nf3 Nc6 3. Bb5 a6 4. Ba4 Nf6 5. O-O Be7 6. Re1 b5 7. Bb3 d6 8. c3
O-O 9. d4 Bg4 10. Be3 Bh5 11. Nbd2 Na5 12. Bc2 c5 13. dxe5 dxe5 14. h3 Nd7 15.
g4 Bg6 16. Nf1 Qc7 17. Qe2 Rfd8 18. Ng3 Nc4 19. Bc1 Nf8 20. b3 Nb6 21. h4 f6
22. h5 Bf7 23. Nf5 Ne6 24. Be3 Bf8 25. Rad1 g6 26. hxg6 hxg6 27. N5h4 Be7 28.
Qf1 Kg7 29. Rxd8 Rxd8 30. Qg2 Rh8 31. Kf1 Nd7 32. Rd1 Rh7 33. Qg3 g5 34. Nf5+
Kf8 35. Kg1 Ke8 36. Qg2 Ndf8 37. a4 Ng6 38. axb5 axb5 39. Qf1 Qc6 40. Bd3 c4
41. bxc4 bxc4 42. Bc2 Nef4 43. Rb1 Be6 44. Rb6 Qc8 45. Qd1 Kf7 46. Nd6+ Bxd6
47. Qxd6 Rh8 48. Rc6 Rd8 49. Rc7+ Qxc7 50. Qxc7+ Rd7 51. Qc5 Bxg4 52. Ba4 Rb7
53. Nd2 Kg7 54. f3 Be6 55. Be8 Nh3+ 56. Kf1 Ngf4 57. Bc6 1-0

[Event "35 Andorra Open"]
[Site "Escaldes"]
[Date "2017.07.25"]
[Round "4.8"]
[White "Hansen, Torbjorn Ringdal"]
[Black "Dvirnyy, Danyyil"]
[Result "1/2-1/2"]
[WhiteElo "2429"]
[BlackElo "2558"]
[PlyCount "48"]
[EventDate "2017.07.22"]
[EventType "swiss"]
[EventRounds "9"]
[EventCountry "AND"]
[WhiteClock "0:26:32"]
[BlackClock "0:33:55"]

1. e4 c6 2. Nc3 d5 3. Nf3 Bg4 4. h3 Bxf3 5. Qxf3 e6 6. d4 dxe4 7. Qxe4 Nf6 8.
Qh4 Be7 9. Bd3 O-O 10. O-O Nbd7 11. Rd1 g6 12. Qg3 Qb6 13. Rb1 Rad8 14. Be3 Nd5
15. Nxd5 cxd5 16. b3 Nf6 17. c4 dxc4 18. bxc4 Qc6 19. Qe5 b6 20. d5 Qd6 21.
Qxd6 Bxd6 22. dxe6 fxe6 23. Kf1 Ba3 24. Ke2 Kf7 1/2-1/2

[Event "35 Andorra Open"]
[Site "Escaldes"]
[Date "2017.07.25"]
[Round "4.9"]
[White "Baron, Tal"]
[Black "Kaspi, Alexander"]
[Result "1/2-1/2"]
[WhiteElo "2547"]
[BlackElo "2435"]
[PlyCount "43"]
[EventDate "2017.07.22"]
[EventType "swiss"]
[EventRounds "9"]
[EventCountry "AND"]

1. e4 c5 2. Nf3 d6 3. d4 cxd4 4. Nxd4 Nf6 5. Nc3 a6 6. Bg5 e6 7. f4 Be7 8. Qf3
Qc7 9. O-O-O Nbd7 10. g4 b5 11. Bxf6 Nxf6 12. g5 Nd7 13. f5 O-O 14. h4 b4 15.
Nce2 Bb7 16. Bg2 e5 17. f6 exd4 18. fxe7 Rfe8 19. Nxd4 g6 20. h5 Ne5 21. Qg3
Rxe7 22. Rhf1 1/2-1/2

[Event "35 Andorra Open"]
[Site "Escaldes"]
[Date "2017.07.25"]
[Round "4.10"]
[White "Kogan, Arthur"]
[Black "Llaneza Vega, Marcos"]
[Result "1/2-1/2"]
[WhiteElo "2529"]
[BlackElo "2416"]
[PlyCount "45"]
[EventDate "2017.07.22"]
[EventType "swiss"]
[EventRounds "9"]
[EventCountry "AND"]

1. e4 c5 2. Nf3 Nc6 3. Bb5 Nf6 4. Nc3 Qc7 5. O-O Nd4 6. Re1 a6 7. Bf1 d6 8.
Nxd4 cxd4 9. Nd5 Nxd5 10. exd5 g6 11. c4 Bg7 12. Qe2 e6 13. dxe6 Bxe6 14. d3
O-O 15. Bf4 Qb6 16. Rac1 Rac8 17. Qd2 d5 18. b4 dxc4 19. dxc4 Bf5 20. c5 Qc6
21. Bd6 Rfe8 22. Bc4 Be4 23. f3 1/2-1/2

[Event "35 Andorra Open"]
[Site "Escaldes"]
[Date "2017.07.25"]
[Round "4.11"]
[White "Valsecchi, Alessio"]
[Black "Iniyan, P."]
[Result "1/2-1/2"]
[WhiteElo "2506"]
[BlackElo "2380"]
[PlyCount "62"]
[EventDate "2017.07.22"]
[EventType "swiss"]
[EventRounds "9"]
[EventCountry "AND"]

1. Nf3 Nf6 2. c4 g6 3. g3 Bg7 4. Bg2 O-O 5. d4 d6 6. Nc3 Nbd7 7. O-O e5 8. e4
exd4 9. Nxd4 Re8 10. h3 Nc5 11. Re1 a5 12. Ndb5 Bd7 13. Bf4 Bc6 14. Qc2 Nfd7
15. Rad1 Na6 16. a3 Nb6 17. c5 Nxc5 18. Nxc7 Bxc3 19. Nxa8 Bxe1 20. Nxb6 Bxf2+
21. Qxf2 Qxb6 22. Rxd6 Na4 23. Qxb6 Nxb6 24. Rd4 Nd7 25. Bd2 a4 26. Bc3 f6 27.
Rb4 Ne5 28. Bf1 Nf3+ 29. Kf2 Ng5 30. Bg2 Nxe4+ 31. Bxe4 Rxe4 1/2-1/2

[Event "35 Andorra Open"]
[Site "Escaldes"]
[Date "2017.07.25"]
[Round "4.12"]
[White "Kobo, Ori"]
[Black "Arjun, Kalyan"]
[Result "1/2-1/2"]
[WhiteElo "2494"]
[BlackElo "2347"]
[PlyCount "124"]
[EventDate "2017.07.22"]
[EventType "swiss"]
[EventRounds "9"]
[EventCountry "AND"]

1. d4 d5 2. c4 c6 3. Nf3 Nf6 4. Qb3 dxc4 5. Qxc4 Bg4 6. Nbd2 Nbd7 7. g3 e6 8.
Bg2 Be7 9. O-O O-O 10. Qb3 Qb6 11. Nc4 Qa6 12. Bd2 Nb6 13. Rfc1 Nxc4 14. Rxc4
Rfd8 15. Bb4 Bxb4 16. Rxb4 Bxf3 17. Bxf3 Rab8 18. e3 Nd5 19. Rc4 Qb6 20. Qc2
Rd7 21. Rb1 Nc7 22. a4 Ne8 23. Rc5 a6 24. b4 Nd6 25. Kg2 Qd8 26. h4 Qf6 27. Be2
g6 28. h5 Re7 29. Re5 Rc8 30. Bd3 Rd7 31. Rh1 Rcd8 32. Qe2 Nf5 33. Qf3 Qg7 34.
Rc5 Ne7 35. Be4 Nd5 36. Rb1 e5 37. dxe5 Qxe5 38. hxg6 hxg6 39. Rh1 Kg7 40. Bxd5
Rxd5 41. Rc4 Qe6 42. Rch4 Rf5 43. Qe2 Qe5 44. e4 Rf6 45. Rh7+ Kf8 46. Rh8+ Ke7
47. Rxd8 Kxd8 48. f4 Qc3 49. e5 Re6 50. Qd1+ Kc7 51. Rh8 c5 52. Qd8+ Kc6 53.
Qc8+ Kb6 54. Qd8+ Kc6 55. Qc8+ Kb6 56. a5+ Kb5 57. Qxb7+ Ka4 58. Qxf7 Qd2+ 59.
Kh3 Qd5 60. Kg4 cxb4 61. Qc7 Rc6 62. Qe7 b3 {ilegible} 1/2-1/2

[Event "35 Andorra Open"]
[Site "Escaldes"]
[Date "2017.07.25"]
[Round "4.13"]
[White "Degraeve, Jean-Marc"]
[Black "Rodriguez Garcia, Manuel Fco"]
[Result "1/2-1/2"]
[WhiteElo "2585"]
[BlackElo "2191"]
[PlyCount "90"]
[EventDate "2017.07.22"]
[EventType "swiss"]
[EventRounds "9"]
[EventCountry "AND"]

1. d4 Nf6 2. Bf4 g6 3. Nc3 d5 4. Qd2 Bg7 5. O-O-O O-O 6. f3 c5 7. dxc5 Nc6 8.
e3 Qa5 9. Kb1 Qxc5 10. Na4 Qb4 11. Qxb4 Nxb4 12. Ne2 Bd7 13. Nac3 Rfd8 14. a3
Nc6 15. Nxd5 Nxd5 16. Rxd5 Be6 17. Rxd8+ Rxd8 18. Kc1 b6 19. Bg3 g5 20. h4 Na5
21. Nd4 Nc4 22. Nxe6 Bxb2+ 23. Kb1 Rd1+ 24. Ka2 Ra1+ 25. Kb3 Nxe3 26. Kxb2 Rxf1
27. Rxf1 Nxf1 28. Bf2 fxe6 29. hxg5 Nd2 30. Kc3 Nb1+ 31. Kb3 Nd2+ 32. Kb4 e5
33. Kb5 e4 34. Ka6 Nc4 35. fxe4 Nxa3 36. c3 Kf7 37. Be1 Ke6 38. Kxa7 b5 39. Bf2
Ke5 40. Bc5 Nb1 41. Bxe7 Kxe4 42. Kb6 Nxc3 43. Bb4 Nd5+ 44. Kxb5 Nxb4 45. Kxb4
Kf5 1/2-1/2

[Event "35 Andorra Open"]
[Site "Escaldes"]
[Date "2017.07.25"]
[Round "4.14"]
[White "Dan, Teodor"]
[Black "Steinberg, Nitzan"]
[Result "0-1"]
[WhiteElo "2191"]
[BlackElo "2543"]
[PlyCount "80"]
[EventDate "2017.07.22"]
[EventType "swiss"]
[EventRounds "9"]
[EventCountry "AND"]

1. d4 d5 2. c4 c6 3. Nf3 e6 4. Qc2 f5 5. Bf4 Nf6 6. e3 Be7 7. Bd3 Ne4 8. O-O
O-O 9. h3 Nd7 10. Nc3 Bf6 11. Nd2 Qe7 12. f3 Nxc3 13. bxc3 b6 14. Bg3 Bb7 15.
cxd5 cxd5 16. a4 a5 17. Rab1 Rfc8 18. Rb3 g6 19. Bb5 Bc6 20. Qd3 Kg7 21. Rfb1
e5 22. Bxc6 Rxc6 23. c4 exd4 24. exd4 Qf7 25. Rc1 Rac8 26. Rbc3 Be7 27. cxd5
Rxc3 28. Rxc3 Rxc3 29. Qxc3 Bb4 30. Qc2 Qxd5 31. Qc4 Qf7 32. Qxf7+ Kxf7 33. Nc4
Ke6 34. Bc7 Bc3 35. d5+ Kxd5 36. Nxb6+ Nxb6 37. Bxb6 Bd4+ 38. Bxd4 Kxd4 39. Kf2
f4 40. Ke2 Kc3 0-1

[Event "35 Andorra Open"]
[Site "Escaldes"]
[Date "2017.07.25"]
[Round "4.15"]
[White "Llorente Zaro, Alfonso"]
[Black "Garcia Paolicchi, Raul"]
[Result "1-0"]
[WhiteElo "2464"]
[BlackElo "2189"]
[PlyCount "63"]
[EventDate "2017.07.22"]
[EventType "swiss"]
[EventRounds "9"]
[EventCountry "AND"]

1. Nf3 d5 2. g3 c6 3. b3 Bf5 4. Bb2 e6 5. Bg2 Nf6 6. d3 Nbd7 7. Nbd2 Be7 8. Nh4
Bg4 9. h3 Bh5 10. g4 Bg6 11. e3 Qb6 12. Qe2 O-O-O 13. O-O Ne8 14. Nxg6 hxg6 15.
c4 Kb8 16. Rab1 g5 17. b4 dxc4 18. Nxc4 Qc7 19. Rfc1 f6 20. Na5 Nb6 21. Rxc6
bxc6 22. Nxc6+ Kc8 23. Rc1 Kd7 24. Nd4 Qxc1+ 25. Bxc1 Rc8 26. Qb2 Nd6 27. b5 e5
28. Bc6+ Kc7 29. Ne6+ Kb8 30. Nc5 Rcd8 31. Na6+ Kc8 32. Qb3 1-0

[Event "35 Andorra Open"]
[Site "Escaldes"]
[Date "2017.07.25"]
[Round "4.16"]
[White "Martinez Lopez, Ivan"]
[Black "Aloma Vidal, Robert"]
[Result "1/2-1/2"]
[WhiteElo "2176"]
[BlackElo "2457"]
[PlyCount "173"]
[EventDate "2017.07.22"]
[EventType "swiss"]
[EventRounds "9"]
[EventCountry "AND"]

1. Nf3 d5 2. g3 g6 3. Bg2 Bg7 4. O-O e5 5. d3 Ne7 6. Nbd2 O-O 7. e4 Nbc6 8. Re1
h6 9. exd5 Nxd5 10. Nc4 Re8 11. Bd2 Bg4 12. h3 Bf5 13. Qc1 Kh7 14. Ne3 Nxe3 15.
Rxe3 Qd7 16. Kh2 Nd4 17. Nxd4 exd4 18. Rxe8 Rxe8 19. Qd1 c6 20. Qf1 Re5 21. a4
a5 22. Re1 Rc5 23. Rc1 Be6 24. Kg1 Qc7 25. b4 axb4 26. Bxb4 Rh5 27. h4 Qb6 28.
Rb1 Qa7 29. Ra1 Bg4 30. Qc1 Re5 31. Qf4 Be6 32. Be4 c5 33. Bd2 h5 34. Qf3 b6
35. a5 bxa5 36. Rxa5 Qb6 37. Qd1 Bg4 38. Qa1 Rxe4 39. dxe4 d3 40. Qc1 c4 41.
cxd3 cxd3 42. Rd5 Qb3 43. Kg2 Be6 44. Ra5 Qb7 45. Qe1 Bd4 46. Ra4 Qd7 47. Ra3
Bb2 48. Ra5 Bd4 49. Kh2 Bg4 50. Rd5 Qa7 51. Be3 Bxe3 52. Qxe3 Qxe3 53. fxe3 Be2
54. Kg2 Kg7 55. e5 Kf8 56. Kf2 Ke7 57. Rd6 Bg4 58. e4 Be2 59. Ke3 Bf1 60. Kf2
Be2 61. Ke1 Bf3 62. Rxd3 Bxe4 63. Rd6 Bf5 64. Kd2 Be6 65. Ke3 Ba2 66. Kf4 Kf8
67. Kg5 Kg7 68. Rd7 Be6 69. Ra7 Bh3 70. Kf4 Be6 71. Ke4 Bb3 72. Kd4 Be6 73. Kc5
Bb3 74. Kd6 Be6 75. Ke7 Bc4 76. Rb7 Bd5 77. Rb6 Bc4 78. Rf6 Bb3 79. Kd6 Bc4 80.
Kc5 Bb3 81. Rb6 Ba2 82. Kd4 Kg8 83. Ke4 Bc4 84. Kf4 Kg7 85. Kg5 Be6 86. Kf4 Bh3
87. Rf6 1/2-1/2

[Event "35 Andorra Open"]
[Site "Escaldes"]
[Date "2017.07.25"]
[Round "4.17"]
[White "Gomez Anadon, Daniel"]
[Black "Loiseau, Quentin"]
[Result "1-0"]
[WhiteElo "2165"]
[BlackElo "2424"]
[PlyCount "73"]
[EventDate "2017.07.22"]
[EventType "swiss"]
[EventRounds "9"]
[EventCountry "AND"]

1. Nf3 d5 2. g3 g6 3. Bg2 Bg7 4. O-O e5 5. d3 Ne7 6. Nbd2 O-O 7. e4 Nbc6 8. Re1
h6 9. exd5 Nxd5 10. Nc4 Re8 11. a4 a5 12. c3 Bg4 13. Qb3 Be6 14. Qxb7 Qd7 15.
Nfxe5 Nxe5 16. Nxe5 Bxe5 17. Rxe5 Rab8 18. Qa7 Bh3 19. Bxh6 Bxg2 20. Rxe8+ Rxe8
21. Kxg2 Kh7 22. Bg5 Qc6 23. Kg1 Re2 24. Qd4 f6 25. c4 Nb4 26. Bxf6 Nc2 27.
Qh4+ Kg8 28. Qh8+ Kf7 29. Qg7+ Ke8 30. Qg8+ Kd7 31. Qd8+ Ke6 32. Qe7+ Kf5 33.
g4+ Kf4 34. Bg5+ Kxg4 35. Qxe2+ Kh3 36. f3 Qc5+ 37. Kh1 1-0

[Event "35 Andorra Open"]
[Site "Escaldes"]
[Date "2017.07.25"]
[Round "4.18"]
[White "Farran Martos, Francesc X"]
[Black "Attard, Leopold"]
[Result "1/2-1/2"]
[WhiteElo "2412"]
[BlackElo "2109"]
[PlyCount "112"]
[EventDate "2017.07.22"]
[EventType "swiss"]
[EventRounds "9"]
[EventCountry "AND"]

1. e4 c5 2. Nf3 a6 3. d4 cxd4 4. Nxd4 Nf6 5. Nc3 e5 6. Nde2 Bc5 7. Be3 Bxe3 8.
fxe3 Qb6 9. Qd2 Qxb2 10. Rb1 Qa3 11. Ng3 O-O 12. Be2 Nc6 13. O-O Ne7 14. Rb6
Qc5 15. Rbxf6 gxf6 16. Nh5 d6 17. Bd3 Kh8 18. Nxf6 Be6 19. Qf2 Rg8 20. Nxg8
Kxg8 21. Ne2 d5 22. Qg3+ Ng6 23. exd5 Bxd5 24. Bxg6 hxg6 25. Qxe5 Rc8 26. Nc1
Qc6 27. Rf2 Re8 28. Qd4 Re4 29. Qd2 Qe6 30. Rf3 Rg4 31. Rf2 Re4 32. a3 Rxe3 33.
Re2 Rxe2 34. Nxe2 Be4 35. Nc3 Qb6+ 36. Kf1 Qf6+ 37. Ke1 Bc6 38. Kd1 Qf1+ 39.
Qe1 Qxe1+ 40. Kxe1 Bxg2 41. Kf2 Bc6 42. Ke3 Kf8 43. h4 Kg7 44. Ne2 Kh6 45. Ng3
g5 46. hxg5+ Kxg5 47. Ne2 Kf5 48. Nf4 Ke5 49. c4 b5 50. cxb5 axb5 51. Ne2 f5
52. Nf4 Be4 53. Ng6+ Kd5 54. Ne7+ Kd6 55. Ng6 Kd5 56. Ne7+ Kd6 1/2-1/2

[Event "35 Andorra Open"]
[Site "Escaldes"]
[Date "2017.07.25"]
[Round "4.19"]
[White "Schaefer, Reyk"]
[Black "Jerez Perez, Alfonso"]
[Result "0-1"]
[WhiteElo "2135"]
[BlackElo "2405"]
[PlyCount "104"]
[EventDate "2017.07.22"]
[EventType "swiss"]
[EventRounds "9"]
[EventCountry "AND"]

1. d4 Nf6 2. c4 g6 3. Nc3 d5 4. cxd5 Nxd5 5. e4 Nxc3 6. bxc3 Bg7 7. Be3 c5 8.
Rc1 Qa5 9. Qd2 O-O 10. Nf3 Rd8 11. d5 Nc6 12. Bd3 Bg4 13. dxc6 Bxf3 14. gxf3 c4
15. Bd4 cxd3 16. Bxg7 Kxg7 17. cxb7 Rab8 18. c4 Qh5 19. O-O Qxf3 20. Rfe1 Rxb7
21. Re3 Qf6 22. e5 Qf5 23. c5 Qg4+ 24. Kf1 Qd4 25. Rh3 h5 26. Rxh5 Rh8 27. Rxh8
Kxh8 28. e6 Kg7 29. Qe3 Qxe3 30. fxe3 Rb2 31. Rd1 f5 32. Rxd3 Rc2 33. Ra3 Kf6
34. Rxa7 Rxc5 35. Kf2 Rc2+ 36. Kg3 Re2 37. Ra3 Kxe6 38. h3 Kf6 39. Kf3 Rh2 40.
Kg3 Rc2 41. Ra6+ e6 42. Ra5 Rc3 43. Kf2 e5 44. Ra4 Kg5 45. Ra6 e4 46. Ra8 Rc1
47. Ra7 Rc2+ 48. Kg3 Re2 49. h4+ Kh6 50. Kf4 Rh2 51. Kg3 Rh1 52. Ra8 Rf1 0-1

[Event "35 Andorra Open"]
[Site "Escaldes"]
[Date "2017.07.25"]
[Round "4.20"]
[White "Fell, Sebastian"]
[Black "Rohith, Krishna S"]
[Result "1-0"]
[WhiteElo "2343"]
[BlackElo "2137"]
[PlyCount "117"]
[EventDate "2017.07.22"]
[EventType "swiss"]
[EventRounds "9"]
[EventCountry "AND"]

1. e4 e5 2. Nf3 Nc6 3. Bb5 Nf6 4. O-O Be7 5. Re1 d6 6. d4 exd4 7. Nxd4 Bd7 8.
Bxc6 bxc6 9. Nc3 O-O 10. b3 Re8 11. Bb2 Bf8 12. h3 g6 13. Qd3 Bg7 14. Rad1 Qb8
15. Nf3 Be6 16. e5 Nd5 17. Ne4 Bf5 18. c4 Nb4 19. Qd2 dxe5 20. Nxe5 Rd8 21. Qg5
Bxe4 22. Qe7 Rf8 23. Nd7 Qd8 24. Qxb4 Bxb2 25. Nxf8 Qh4 26. c5 f5 27. Qc4+ Kxf8
28. f3 Qg3 29. fxe4 Be5 30. exf5 Qh2+ 31. Kf2 Bg3+ 32. Kf3 Be5 33. Qh4 Kg8 34.
Rh1 Rf8 35. Rxh2 Rxf5+ 36. Ke4 Bf6 37. Rd8+ Bxd8 38. Qxd8+ Rf8 39. Qxf8+ Kxf8
40. g4 h5 41. Ke5 Ke7 42. gxh5 gxh5 43. Rg2 Kf7 44. Rg5 h4 45. b4 a6 46. a3 Ke7
47. Rg7+ Kd8 48. Rh7 Kc8 49. Rxh4 Kb7 50. Rg4 Ka7 51. h4 Kb7 52. h5 a5 53. h6
a4 54. h7 Ka6 55. h8=Q Kb7 56. Rg8 Ka6 57. Rb8 Ka7 58. Ra8+ Kb7 59. Qb8# 1-0

[Event "35 Andorra Open"]
[Site "Escaldes"]
[Date "2017.07.25"]
[Round "4.21"]
[White "Palacios Herrero, Pablo"]
[Black "Akshat, Khamparia"]
[Result "0-1"]
[WhiteElo "2122"]
[BlackElo "2342"]
[PlyCount "138"]
[EventDate "2017.07.22"]
[EventType "swiss"]
[EventRounds "9"]
[EventCountry "AND"]

1. e4 c5 2. Nf3 d6 3. d4 cxd4 4. Nxd4 Nf6 5. Nc3 Bd7 6. Be3 a6 7. Be2 Nc6 8.
O-O e6 9. Kh1 Be7 10. f4 Qc7 11. Nb3 b5 12. a3 Bc8 13. Qe1 O-O 14. Bf3 Bb7 15.
Qg3 Nd7 16. Rad1 Rfe8 17. f5 Nde5 18. Bh5 Nd8 19. Bh6 Bf8 20. f6 Ng6 21. Bxg7
Bxg7 22. fxg7 Nc6 23. Bxg6 hxg6 24. Rxd6 Rad8 25. Rxd8 Qxd8 26. Qf4 f5 27. Qh6
Kf7 28. Nc5 Qe7 29. Nxb7 Qxb7 30. exf5 exf5 31. Ne4 Qe7 32. Ng5+ Kf6 33. Nh7+
Kf7 34. Ng5+ Kf6 35. Nh7+ Kf7 36. Nf8 Qf6 37. Nd7 Qxg7 38. Qd2 Qd4 39. Qxd4
Nxd4 40. Nc5 Nxc2 41. Nxa6 Kg7 42. Kg1 Ne3 43. Rf3 Nc2 44. Rc3 Nd4 45. Rc5 Re4
46. Kf2 Re2+ 47. Kf1 Rc2 48. Rd5 Rc4 49. Nc7 Rxc7 50. Rxd4 Rb7 51. Rb4 Kf6 52.
Kf2 Ke5 53. Ke3 Kd5 54. g4 Kc5 55. Rf4 Re7+ 56. Kd3 Rd7+ 57. Kc3 Rd5 58. h4 Kd6
59. gxf5 Ke5 60. Rf1 gxf5 61. h5 Kf6 62. Rg1 f4 63. Rh1 Kg7 64. h6+ Kh7 65. Kc2
f3 66. Rf1 Rf5 67. Kd3 f2 68. Ke2 b4 69. Rb1 f1=Q+ 0-1

[Event "35 Andorra Open"]
[Site "Escaldes"]
[Date "2017.07.25"]
[Round "4.22"]
[White "Akash Pc, Iyer"]
[Black "Michalowski, Peter"]
[Result "1-0"]
[WhiteElo "2300"]
[BlackElo "2064"]
[PlyCount "77"]
[EventDate "2017.07.22"]
[EventType "swiss"]
[EventRounds "9"]
[EventCountry "AND"]

1. Nf3 Nf6 2. g3 d5 3. Bg2 c6 4. b3 Bg4 5. Bb2 Nbd7 6. d3 Qc7 7. Nbd2 e5 8. e4
dxe4 9. dxe4 Bc5 10. Qe2 O-O 11. O-O Rfe8 12. a4 a5 13. Nc4 Rad8 14. Rfd1 h6
15. Ne3 Bxe3 16. Qxe3 Bxf3 17. Bxf3 Nf8 18. Be2 Ne6 19. c3 Rxd1+ 20. Rxd1 Rd8
21. Rxd8+ Qxd8 22. h4 Qd6 23. Kg2 c5 24. Bc1 Nd7 25. f4 Qe7 26. f5 Nd8 27. Kh3
Qd6 28. g4 Nb6 29. Ba3 Nd7 30. g5 hxg5 31. hxg5 g6 32. Bc4 Qd1 33. Kg3 gxf5 34.
exf5 b6 35. Qc1 Qd6 36. g6 Kg7 37. Qg5 Qf6 38. Bc1 fxg6 39. Qh6# 1-0

[Event "35 Andorra Open"]
[Site "Escaldes"]
[Date "2017.07.25"]
[Round "4.23"]
[White "Tahay, Alexis"]
[Black "Kasi, A.L."]
[Result "1-0"]
[WhiteElo "2290"]
[BlackElo "2068"]
[PlyCount "94"]
[EventDate "2017.07.22"]
[EventType "swiss"]
[EventRounds "9"]
[EventCountry "AND"]

1. Nf3 d5 2. c4 c6 3. d4 Nf6 4. Nc3 Bf5 5. Qb3 Qb6 6. c5 Qxb3 7. axb3 Nbd7 8.
b4 a6 9. h3 Rc8 10. Bf4 h6 11. e3 g5 12. Bh2 Bg7 13. Ne5 O-O 14. Be2 Nxe5 15.
Bxe5 Nd7 16. Bxg7 Kxg7 17. f4 f6 18. g4 Bg6 19. f5 Bf7 20. O-O-O e5 21. h4 Rfe8
22. Rh3 Re7 23. Rdh1 Nf8 24. Kd2 Ree8 25. Bd3 Bg8 26. Ne2 Bf7 27. R1h2 e4 28.
Bc2 Ra8 29. Rh1 b6 30. Nc3 Ra7 31. Na4 bxc5 32. bxc5 Rb8 33. Nb6 Be8 34. b4 Bf7
35. Ra1 gxh4 36. Rxh4 Nh7 37. Bd1 Ng5 38. Be2 h5 39. gxh5 Kh6 40. Rhh1 Rbb7 41.
Bxa6 Nf3+ 42. Kc3 Rc7 43. Bc8 Rxa1 44. Rxa1 Kxh5 45. Ba6 Kg5 46. Rh1 Nh4 47. b5
Nxf5 {ilegible} 1-0

[Event "35 Andorra Open"]
[Site "Escaldes"]
[Date "2017.07.25"]
[Round "4.24"]
[White "Shevelev, Dmitri"]
[Black "Tahay, Romain"]
[Result "1-0"]
[WhiteElo "2283"]
[BlackElo "2052"]
[PlyCount "51"]
[EventDate "2017.07.22"]
[EventType "swiss"]
[EventRounds "9"]
[EventCountry "AND"]

1. d4 Nf6 2. Nf3 g6 3. Nc3 d5 4. Bf4 Bg7 5. Qd2 O-O 6. Bh6 c6 7. Bxg7 Kxg7 8.
e3 b5 9. Bd3 Nbd7 10. a4 Qa5 11. b4 Qxb4 12. axb5 c5 13. Ra4 Qb2 14. Nd1 Qb1
15. c4 Ne4 16. Bxb1 Nxd2 17. Nxd2 Nb6 18. Ra5 cxd4 19. c5 dxe3 20. cxb6 exd2+
21. Kxd2 a6 22. Bd3 Rb8 23. bxa6 Rxb6 24. a7 Bb7 25. Ne3 Ra8 26. Rb1 1-0

[Event "35 Andorra Open"]
[Site "Escaldes"]
[Date "2017.07.25"]
[Round "4.25"]
[White "Cortes Jurado, Rafael"]
[Black "Llaneza Vega, Patricia"]
[Result "1-0"]
[WhiteElo "2097"]
[BlackElo "2271"]
[PlyCount "47"]
[EventDate "2017.07.22"]
[EventType "swiss"]
[EventRounds "9"]
[EventCountry "AND"]

1. e4 c5 2. c3 d5 3. exd5 Qxd5 4. d4 Nc6 5. Nf3 Bf5 6. Be3 Nf6 7. c4 Qd7 8. d5
Nb4 9. Na3 Qc7 10. Be2 Ng4 11. O-O Nxe3 12. fxe3 O-O-O 13. Nb5 Qb6 14. Ne5 Bg6
15. a3 Na6 16. Nxf7 Bxf7 17. Rxf7 Nc7 18. Nxc7 Qxc7 19. Qd3 g6 20. Bg4+ Kb8 21.
Qc3 Bh6 22. Rd1 Qd6 23. b4 Bg5 24. bxc5 1-0

[Event "35 Andorra Open"]
[Site "Escaldes"]
[Date "2017.07.26"]
[Round "5.1"]
[White "Suarez Gomez, Julio"]
[Black "Santos Latasa, Jaime"]
[Result "1/2-1/2"]
[WhiteElo "2474"]
[BlackElo "2542"]
[PlyCount "48"]
[EventDate "2017.07.22"]
[EventType "swiss"]
[EventRounds "9"]
[EventCountry "AND"]
[WhiteClock "0:46:18"]
[BlackClock "1:10:25"]

1. d4 Nf6 2. Nf3 d5 3. Bf4 c5 4. e3 Nc6 5. c3 Nh5 6. Bg5 h6 7. Bh4 g5 8. Bg3
Nxg3 9. hxg3 e6 10. Nbd2 Bd7 11. a3 Qf6 12. b4 cxd4 13. cxd4 g4 14. b5 gxf3 15.
bxc6 Bxc6 16. Nxf3 Bd6 17. Qb3 Qd8 18. Bd3 Qa5+ 19. Ke2 Ke7 20. Ne5 Rac8 21.
Rhc1 Rc7 22. a4 Rhc8 23. Nxc6+ bxc6 24. Rab1 c5 1/2-1/2

[Event "35 Andorra Open"]
[Site "Escaldes"]
[Date "2017.07.26"]
[Round "5.2"]
[White "Caspi, Israel"]
[Black "Pena Gomez, Manuel"]
[Result "0-1"]
[WhiteElo "2487"]
[BlackElo "2468"]
[PlyCount "58"]
[EventDate "2017.07.22"]
[EventType "swiss"]
[EventRounds "9"]
[EventCountry "AND"]
[WhiteClock "0:04:09"]
[BlackClock "0:39:09"]

1. e4 e5 2. Nf3 Nc6 3. Bb5 Nf6 4. O-O Bc5 5. c3 O-O 6. d4 Bb6 7. Bg5 h6 8. Bh4
d6 9. Qd3 exd4 10. cxd4 g5 11. Bg3 Re8 12. Re1 d5 13. e5 Ne4 14. Nbd2 Bf5 15.
Qe3 Nxd2 16. Nxd2 Bxd4 17. Qb3 Bb6 18. Nf3 g4 19. Bxc6 bxc6 20. Bh4 Qb8 21. Bf6
gxf3 22. Qxf3 Bg6 23. h4 h5 24. Qf4 Kh7 25. g4 Qc8 26. gxh5 Bxh5 27. e6 Rxe6
28. Kh2 Rxe1 29. Qg5 Qg4 0-1

[Event "35 Andorra Open"]
[Site "Escaldes"]
[Date "2017.07.26"]
[Round "5.3"]
[White "Edouard, Romain"]
[Black "Zanan, Evgeny"]
[Result "1/2-1/2"]
[WhiteElo "2622"]
[BlackElo "2428"]
[PlyCount "49"]
[EventDate "2017.07.22"]
[EventType "swiss"]
[EventRounds "9"]
[EventCountry "AND"]
[WhiteClock "0:15:27"]
[BlackClock "0:17:21"]

1. d4 Nf6 2. c4 e6 3. Nc3 Bb4 4. e3 O-O 5. Bd3 c5 6. Nge2 cxd4 7. exd4 d5 8.
cxd5 Nxd5 9. O-O Nc6 10. Bc2 Be7 11. a3 g6 12. Bh6 Re8 13. Qd2 Nxc3 14. bxc3 b6
15. Qd3 Bg5 16. Bxg5 Qxg5 17. Ng3 Bb7 18. f4 Qd5 19. Ne4 Kg7 20. Qg3 Ne7 21.
Rae1 Nf5 22. Qh3 Qd8 23. g4 Nd6 24. Ng5 h6 25. Nf3 1/2-1/2